湖北省城市 - Statistics

General Stats
  • This quiz has been taken 31 times
  • The average score is 15 of 17
Answers on the Grid
Answers color-coded by a green-red scale on the quiz's grid according to % correct below.
武汉
黄石
十堰
宜昌
襄阳
鄂州
荆门
孝感
荆州
黄冈
咸宁
随州
恩施
仙桃
潜江
天门
神农架
娄底
三明
武威
阳江
五指山
遵义
六盘水
甘孜
凉山
南阳
安庆
菏泽
德州
通化
松原
吴忠
七台河
 
Answer Stats
Answer % Correct
武汉
100%
襄阳
100%
神农架
100%
十堰
93%
孝感
93%
黄冈
93%
恩施
93%
黄石
86%
宜昌
86%
鄂州
86%
荆门
86%
荆州
86%
随州
86%
仙桃
86%
咸宁
79%
潜江
79%
天门
79%
No matching quizzes found
Score Distribution
Percent of People with Each Score
Percentile by Number Answered
Your Score History
You have not taken this quiz